| 000 | 00599nam a22001937a 4500 | ||
|---|---|---|---|
| 999 |
_c3654 _d3654 |
||
| 003 | GBCCL | ||
| 005 | 20241126110459.0 | ||
| 008 | 171130b xxu||||| |||| 00| 0 eng d | ||
| 040 | _cgbc | ||
| 082 |
_aVER 224.107 _bLUA |
||
| 100 |
_aLuaichinthang _97248 |
||
| 245 |
_aJawlnei Isai Laibu Hilhchetna: _bBung 24-44 / _cLuaichinthang |
||
| 260 |
_aNew Lamka: _bEvangelical Baptist Convention, _c2003 |
||
| 300 |
_a282p.; _c20 cm. |
||
| 440 |
_aSaptuam' Laisiangthou Hilhchetna _97247 |
||
| 650 |
_aBible _vOld Testament _xIsaiah _yComentary _97253 |
||
| 650 |
_aSunday School _vAdult _97246 |
||
| 942 |
_2ddc _cBK |
||